000 00354nam a2200133Ia 4500
005 20251222144638.0
008 251222s9999||||xx |||||||||||||| ||spa||
020 _a84-7434-657-6
082 _a331.4/N97
100 _aNuss, Shirley
245 0 _aLas Mujeres en el Mundo del Trabajo:
264 _bMinisterio de Trabajo y Seguridad Social
942 _cLIB
999 _c16573
_d16573